000 00486cam a2200169ua 4500
003 OSt
008 250315b |||||||| |||| 00| 0 eng d
020 _a8185099154
082 _a621.9
_bHAJ/EL
100 _aHajra Choudhary, S. K
_97303
100 _aBose, S K .
_91293
245 _aElements of Workshop Technology, Vol- 2: Machine Tools
250 _a7 / 11(Revi& En)
260 _aMumbai :
_bMedia Promoters & Publishers Pvt Ltd ,
_c1985, 2006
300 _a548 ; .690
942 _cBK
999 _c520
_d520